[Event "Plzen Calliditas op"]
[Site "Plzen"]
[Date "2023.08.20"]
[Round "2"]
[White "Fakan, Petr"]
[Black "Krivka, Matej"]
[Result "0-1"]
[WhiteElo "1240"]
[BlackElo "1572"]
[PlyCount "38"]
[EventDate "2023.08.19"]
[EventType "swiss"]
[EventRounds "9"]
[EventCountry "CZE"]
[SourceTitle "EXT 2024"]
[Source "ChessBase"]
[SourceDate "2023.10.10"]
[SourceVersion "1"]
[SourceVersionDate "2023.10.10"]
[SourceQuality "1"]

1. e4 c5 2. Nc3 e6 3. Nf3 a6 4. d4 cxd4 5. Nxd4 Nc6 6. Be3 Qc7 7. Bd3 Nf6 8. 0-0 Be7 9. Kh1 0-0 10. f4 d6 11. Qf3 Bd7 12. Nce2 Rfe8 13. Ng3 Nb4 14. Nh5 Nxd3 15. cxd3 Qa5 16. Nxf6+ Bxf6 17. e5 dxe5 18. fxe5 Qxe5 19. Qxb7 Qxe3 0-1

[Event "Plzen Calliditas op"]
[Site "Plzen"]
[Date "2023.08.19"]
[Round "1"]
[White "Krivka, Matej"]
[Black "Vilimek, Vit"]
[Result "0-1"]
[WhiteElo "1572"]
[BlackElo "2067"]
[PlyCount "192"]
[EventDate "2023.08.19"]
[EventType "swiss"]
[EventRounds "9"]
[EventCountry "CZE"]
[SourceTitle "EXT 2024"]
[Source "ChessBase"]
[SourceDate "2023.10.10"]
[SourceVersion "1"]
[SourceVersionDate "2023.10.10"]
[SourceQuality "1"]

1. e4 c5 2. Nf3 Nc6 3. d4 cxd4 4. Nxd4 Nf6 5. Nc3 e5 6. Ndb5 d6 7. Bg5 a6 8. Na3 b5 9. Nd5 Be7 10. Bxf6 Bxf6 11. c3 Bg5 12. Bd3 0-0 13. 0-0 Kh8 14. Nc2 Be6 15. Nce3 g6 16. g4 Bxe3 17. Nxe3 Qg5 18. Kh1 Ne7 19. Rg1 Qf4 20. Qe2 d5 21. f3 dxe4 22. fxe4 Rad8 23. Raf1 Qg5 24. a4 Bd7 25. axb5 axb5 26. Qf2 Bc6 27. Bb1 Qf4 28. Qxf4 exf4 29. Rxf4 f5 30. Rgf1 g5 31. R4f2 f4 32. Kg1 Rfe8 33. Nf5 Nxf5 34. exf5 Rd6 35. h4 Rh6 36. Rh2 Re3 37. h5 Rg3+ 38. Kf2 Rd6 39. Re1 Rxg4 40. Re6 Rd2+ 41. Re2 Rxe2+ 42. Kxe2 Kg7 43. f6+ Kxf6 44. Bxh7 Rg3 45. h6 Re3+ 46. Kd2 Re8 47. Bd3 g4 48. h7 Kg7 49. Rh4 Bd7 50. Bxb5 Bxb5 51. Rxg4+ Kxh7 52. Rxf4 Re2+ 53. Kc1 Bd3 54. Rd4 Bf5 55. Rd2 Re3 56. Rf2 Kg6 57. Kd2 Rh3 58. Rg2+ Kf6 59. Re2 Be6 60. b4 Ke7 61. Re3 Rh4 62. Ke2 Kd6 63. Rd3+ Kc6 64. Rd4 Bc4+ 65. Ke3 Rh3+ 66. Kd2 Kb5 67. Kc2 Rh2+ 68. Rd2 Bb3+ 69. Kc1 Rh1+ 70. Kb2 Ka4 71. b5 Bc4 72. b6 Rh6 73. Rd4 Rxb6+ 74. Kc2 Rc6 75. Rd8 Kb5 76. Rb8+ Kc5 77. Rh8 Bd5 78. Rh5 Rg6 79. Kd2 Rg3 80. Kc2 Rf3 81. Rg5 Rh3 82. Kd2 Kc4 83. Rg4+ Kb3 84. Rb4+ Ka3 85. Rb8 Bb3 86. Rc8 Kb2 87. Rc7 Rh1 88. Rb7 Rd1+ 89. Ke2 Rd8 90. Kf2 Kxc3 91. Kg1 Bc4 92. Re7 Kd4 93. Kh2 Rg8 94. Re1 Bd5 95. Re7 Be4 96. Rf7 Ke3 0-1

[Event "Klatovy op-B 29th"]
[Site "Klatovy"]
[Date "2023.07.06"]
[Round "6"]
[White "Kroulik, Stepan"]
[Black "Krivka, Matej"]
[Result "1/2-1/2"]
[WhiteElo "1371"]
[BlackElo "1600"]
[PlyCount "66"]
[EventDate "2023.07.01"]
[EventType "swiss"]
[EventRounds "9"]
[EventCountry "CZE"]
[SourceTitle "CBM 215 Extra"]
[Source "ChessBase"]
[SourceDate "2023.09.30"]
[SourceVersion "1"]
[SourceVersionDate "2023.09.30"]
[SourceQuality "1"]

1. d4 Nf6 2. Bf4 g6 3. e3 Bg7 4. Nf3 0-0 5. Nbd2 d6 6. Be2 Nh5 7. Bg3 Nxg3 8. hxg3 Nd7 9. 0-0 e5 10. c3 Qe7 11. e4 Nf6 12. Bd3 Bg4 13. Qc2 Rad8 14. Rfe1 h5 15. d5 Nd7 16. b4 f5 17. exf5 gxf5 18. Nh2 e4 19. Nxg4 hxg4 20. Bf1 Qf7 21. Nc4 Ne5 22. Nxe5 Bxe5 23. Rad1 Qh5 24. Bc4 Rd7 25. Re3 Rh7 26. Kf1 Qh1+ 27. Ke2 Qxg2 28. Rf1 Rh2 29. Kd1 Rh1 30. Rxh1 Qxh1+ 31. Re1 Qf3+ 32. Kc1 Qxc3 33. Qxc3 Bxc3 1/2-1/2

[Event "Klatovy op-B 29th"]
[Site "Klatovy"]
[Date "2023.07.04"]
[Round "4"]
[White "Cervenka, Jakub"]
[Black "Krivka, Matej"]
[Result "1/2-1/2"]
[WhiteElo "1320"]
[BlackElo "1600"]
[PlyCount "32"]
[EventDate "2023.07.01"]
[EventType "swiss"]
[EventRounds "9"]
[EventCountry "CZE"]
[SourceTitle "CBM 215 Extra"]
[Source "ChessBase"]
[SourceDate "2023.09.30"]
[SourceVersion "1"]
[SourceVersionDate "2023.09.30"]
[SourceQuality "1"]

1. e4 c5 2. Nf3 e6 3. d4 cxd4 4. Nxd4 Nc6 5. Nc3 a6 6. Be3 Qc7 7. a4 Nf6 8. Be2 Be7 9. 0-0 0-0 10. f4 d6 11. Qe1 Bd7 12. Qg3 Nxd4 13. Bxd4 Bc6 14. b4 Rfc8 15. b5 Bd7 16. Kh1 Kh8 1/2-1/2

[Event "Klatovy op-B 29th"]
[Site "Klatovy"]
[Date "2023.07.03"]
[Round "3"]
[White "Krivka, Matej"]
[Black "Cinkova, Vicky"]
[Result "1/2-1/2"]
[WhiteElo "1600"]
[BlackElo "1431"]
[PlyCount "106"]
[EventDate "2023.07.01"]
[EventType "swiss"]
[EventRounds "9"]
[EventCountry "CZE"]
[SourceTitle "CBM 215 Extra"]
[Source "ChessBase"]
[SourceDate "2023.09.30"]
[SourceVersion "1"]
[SourceVersionDate "2023.09.30"]
[SourceQuality "1"]

1. e4 c5 2. Nf3 g6 3. d4 cxd4 4. Nxd4 Bg7 5. Nc3 Nc6 6. Be3 Nf6 7. Bc4 0-0 8. Bb3 d6 9. f3 Bd7 10. Qd2 a6 11. 0-0-0 Qc7 12. g4 Nxd4 13. Bxd4 Bc6 14. h4 h5 15. Bxf6 exf6 16. gxh5 gxh5 17. Rhg1 Kh7 18. Qxd6 Qxd6 19. Rxd6 f5 20. Bd5 Be5 21. Bxc6 Bxd6 22. Bxb7 Ra7 23. Bd5 fxe4 24. Nxe4 Bf4+ 25. Kb1 f5 26. Ng5+ Bxg5 27. Rxg5 Kh6 28. c4 Rg7 29. Rxg7 Kxg7 30. Bb7 a5 31. c5 Rf7 32. c6 Kf6 33. a3 Ke5 34. b4 axb4 35. axb4 Kd6 36. Kb2 Re7 37. Ka3 Kc7 38. Ka4 Kb6 39. Bc8 f4 40. Bf5 Kxc6 41. Bg6 Re5 42. b5+ Kb6 43. Kb4 Rxb5+ 44. Kc4 Rb2 45. Bxh5 Rh2 46. Bg4 Rxh4 47. Kd4 Rh8 48. Ke4 Rf8 49. Bf5 Kc5 50. Kxf4 Kd4 51. Kg5 Ke5 52. f4+ Kd6 53. Bg6 Rxf4 1/2-1/2

[Event "CZE-chT U12"]
[Site "Jihlava"]
[Date "2022.06.11"]
[Round "6.2"]
[White "Mlynek, Jakub"]
[Black "Krivka, Matej"]
[Result "1-0"]
[WhiteElo "1370"]
[BlackElo "1257"]
[PlyCount "55"]
[EventDate "2022.06.10"]
[EventType "team-swiss"]
[EventRounds "9"]
[EventCountry "CZE"]
[SourceTitle "CBM 209 Extra"]
[Source "ChessBase"]
[SourceDate "2022.09.30"]
[SourceVersion "1"]
[SourceVersionDate "2022.09.30"]
[SourceQuality "1"]
[WhiteTeam "Celakovice Spartak U12"]
[BlackTeam "Plzen Sokol U12"]
[WhiteTeamCountry "CZE"]
[BlackTeamCountry "CZE"]

1. d4 Nf6 2. c4 g6 3. Nc3 Bg7 4. Nf3 d6 5. Bg5 0-0 6. e3 Nbd7 7. Bd3 h6 8. Bh4 e5 9. d5 Nc5 10. Bc2 a5 11. 0-0 g5 12. Bg3 Nh5 13. e4 Nxg3 14. hxg3 f5 15. a3 f4 16. gxf4 exf4 17. Qd2 g4 18. Nh2 Qh4 19. Ne2 Be5 20. g3 fxg3 21. fxg3 Bxg3 22. Rxf8+ Kxf8 23. Rf1+ Kg8 24. Nxg3 Qxg3+ 25. Kh1 Qh4 26. Qf4 Bd7 27. Qf7+ Kh8 28. e5 1-0